000
00259nam a22001217a 4500
008
181207b xxu||||| |||| 00| 0 eng d
041
_a
eng
080
_2
2nd
_a
510
100
_a
36
101
_a
MAT
245
_a
Real Analysis
_c
Royden, H.L
942
_2
udc
_c
BK
999
_c
53052
_d
53052